History Quiz

Random History or Decade Quiz

1960s Blitz Quiz Stats

 Plays Quiz Updated Oct 27, 2014

Also try: 1970s Blitz
Challenge
Share
Tweet
Embed
Score 0/30 Timer 04:00
0 Plays Today
Category 1960s answer % Correct
U.S. Presidents [4]John F. Kennedy
95.6%
Human Who Walked on the Moon [4]Neil Armstrong
92.7%
World Series Winning Team [7]Mets
83.4%
World Cup (soccer) Winning Nation [2]England
81.2%
Alfred Hitchcock Directed Movie [5]Psycho
76.7%
Super Bowl Winning Team [2]Jets
76.7%
Beatles Songs #1 in the US & UK [13]She Loves You
75%
World Heavyweight Boxing Champ [6]Muhammad Ali
70.5%
Olympic Host City [6]Squaw Valley
67%
New Artist Grammy Winner [8]The Beatles
67%
Artist with 20 million + selling album [2]Iron Butterfly
65.9%
Stanley Cup Winning Team [3]Blackhawks
65%
Oscar Best Actress [9]Julie Andrews
59.9%
English Football Champion [8]Burnley
59%
Oscar Best Picture [10]The Sound of Music
58.1%
Category 1960s answer % Correct
#1 Ranked U.S. Boys Name [2]David
48.1%
#1 Ranked U.S. Girls Name [2]Mary
43%
Tony Best Musical [11]The Sound of Music
39.9%
Oscar Best Actor [10]Gregory Peck
36.1%
Nobel Peace Prize Winner [6]Martin Luther King Jr.
34.3%
General Secretary of the U.S.S.R. [2]Nikita Khrushchev
30%
Roman Catholic Pope [2]John XXIII
28.7%
British Prime Minister [3]Harold Macmillan
27.1%
Best Selling Author (U.S.) [10]Arthur Hailey
25.4%
Emmy Best Comedy Winner [5]The Dick Van Dyke Show
18.9%
U.N. Secretary General [2]Dag Hammarskjöld
18.7%
New U.N. Members NOT from Africa [9]Jamaica
15.3%
Nation Sanctioned by the U.N. [3]Dominican Republic
10%
Emmy Best Drama Winner [6]Mission: Impossible
8.3%
Newly Discovered Element [2]Lawrencium
7.8%

You're not logged in!

Compare scores with friends on all Sporcle quizzes.
OR
Log In

You Might Also Like...

Show Comments

Extras

Top Quizzes Today


Score Distribution

Your Account Isn't Verified!

In order to create a playlist on Sporcle, you need to verify the email address you used during registration. Go to your Sporcle Settings to finish the process.

Report this User

Report this user for behavior that violates our Community Guidelines.

Details: